Popular American Baby Names 2009 (Male) Quiz Stats

 Plays Quiz not verified by Sporcle

Score 0/30 Timer 05:00
0 Plays Today
Rank Name % Correct
18James
84.8%
3Michael
83.9%
1Jacob
81.3%
5William
81.3%
26John
79.5%
14David
77.7%
13Matthew
75%
7Daniel
74.1%
15Andrew
70.5%
11Christopher
67%
4Alexander
66.1%
16Joseph
66.1%
6Joshua
65.2%
24Nathan
61.6%
2Ethan
60.7%
Rank Name % Correct
10Anthony
53.6%
20Benjamin
52.7%
19Ryan
50.9%
27Samuel
50%
25Jackson
49.1%
28Tyler
49.1%
30Jonathan
47.3%
12Aiden
46.4%
9Noah
41.1%
17Logan
38.4%
22Gabriel
37.5%
29Dylan
36.6%
23Christian
34.8%
8Jayden
33.9%
21Elijah
29.5%

You're not logged in!

Compare scores with friends on all Sporcle quizzes.
OR
Log In

Show Comments

Extras

Top Quizzes Today


Score Distribution

Your Account Isn't Verified!

In order to create a playlist on Sporcle, you need to verify the email address you used during registration. Go to your Sporcle Settings to finish the process.

Report this User

Report this user for behavior that violates our Community Guidelines.

Details: